000 00454nam a2200181Ia 4500
008 240925s9999 xx 000 0 und d
020 _a9780008241612
082 _a658.4 MOR
100 _aMorrissey, Helena.
245 2 _aA Good Time to be a Girl.
250 _aNA
260 _aLondon:
_bWilliam collins +sons
_c,2018.
300 _a120p.
_b0
_fOriginal
500 _aIncludes Index
600 _aManagement
650 _aManagement
942 _cBK
999 _c17145
_d17145